000
00335nam a22001457a 4500
008
210528b ||||| |||| 00| 0 eng d
020
_a
9780721693781
041
_a
eng
080
_2
2nd
_a
615.83
082
_a
615.83
100
_a
8
101
_a
EGZ
245
_a
Physical Agents in Rehabilitation
_c
Cameron,M.H
942
_2
udc
_c
BK
999
_c
57760
_d
57760